Statistics for America the Beautiful Lyrics

Click here to take the quiz!

General Stats

  • This quiz has been taken 18,156 times
  • The average score is 29 of 37

Answer Stats

Word% Correct
America!
97%
America!
97%
O
95%
the
94%
beautiful
91%
For
82%
For
82%
for
82%
to
82%
of
81%
sea
81%
sea
81%
From
80%
God
80%
mountain
80%
on
79%
shining
79%
skies
79%
thee
78%
And
77%
spacious
76%
amber
75%
purple
75%
waves
75%
grace
74%
grain
74%
His
74%
majesties
73%
brotherhood
72%
plain
72%
shed
70%
thy
70%
with
70%
Above
68%
good
68%
fruited
67%
crown
66%

Score Distribution

Percentile by Number Answered

Percent of People with Each Score

Your Score History

You have not taken this quiz